| 000 | 00428nam a22001457a 4500 | ||
|---|---|---|---|
| 005 | 20260311121040.0 | ||
| 008 | 260311b |||||||| |||| 00| 0 eng d | ||
| 020 | _a978-9966-1779-5-7 | ||
| 100 | _aOKEMWA CHRISTOPHER | ||
| 245 | _aOGASUSU NA OKANYAMBU | ||
| 260 |
_aKISII _bKISTRECH THEARTE INTERNATIONAL _c2015 |
||
| 300 | _a33P. | ||
| 700 | _a1. GUSII, (AFRICAN PEOPLE) FOLKLORE 2. ORAL TRADITION - KENYA | ||
| 942 |
_2lcc _cBK |
||
| 999 |
_c216827 _d216827 |
||